000 00621nam a2200253 a 4500
001 nice12345678
003 IN_TiNIC
005 20260116012054.0
008 050524s1961 lona grp 000 0 eng
020 _a
_c100
082 0 0 _a283.42
_bMAT
100 _aMatthews, W R
245 _aThirty-Nine Articles
260 _aLondon
_bHodder & Stoughton
_c1961
300 _a39p
500 _aincludes index and biblioraphy
505 2 _aIndex of Churches
650 _aChurch of England-Doctrines
650 _aTheology-Doctrinal
700 1 _aMatthews, W R
902 _bSRS
942 _cBK
999 _c5530
_d5530